000 00852nam a2200265 a 4500
001 38140
003 BD-RjUL
005 20211209052732.0
008 150915r19571956ilua b 001 0 eng
035 _a(BD-RjUL)38245
035 _a(OCoLC)1674968
040 _aDLC
_cCoDU
_dOCoLC
_dDLC
_dBD-RjUL
_beng
041 _aeng
082 _a658.8
_bPHM 1957
100 1 _aPhillips, Charles F.
_q(Charles Franklin),
_d1910-1998.
_9118023
245 1 0 _aMarketing :
_b principles and methods /
_c[by] Charles F. Phillips and Delbert J. Duncan.
250 _a3d ed.
260 _aHomewood, Ill.,
_bR. D. Irwin,
_cc1956
_c[Printing 1958].
300 _a789 p. :
_bill. ;
_c24 cm.
504 _aIncludes bibliographies.
650 0 _aMarketing.
_9118024
700 1 _aDuncan, Delbert J.,
_ejoint author.
_9118025
942 _2ddc
_cBK
999 _c38140
_d38140